000
00318nam a2200133Ia 4500
100
_a
Bertsekas D.P.
650
_a
Electrical Engineering
942
_c
RB
654
_a
Computation
245
_a
Parallel & distributed Computation
260
_b
Prentice Hall
_a
New Jersey
_c
1989
546
_a
ENGLISH
999
_c
34682
_d
34682